000 00601nam a2200241Ia 4500
005 20250425160659.0
008 250425s9999 xx 000 0 und d
020 _a9586004473
041 _aspa
082 _a658.154
100 _aBURBANO RUIZ, JORGE E.
245 0 _aPRESUPUESTOS : ENFOQUE MODERNO DE PLANEACIÓN Y CONTROL DE RECURSOS
250 _a2A ED.
260 _aBOGOTA
260 _aColombia
_bMC GRAW-HILL
_c1995
300 _a376
650 _aCOSTOS
650 _aPRESUPUESTO
650 _aPRODUCCION
650 _aPROYECTOS DE INVERSION
942 _c01
010 _a2153
999 _c193984
_d193984